000 00576nam a22002297a 4500
001 86769
003 UA-OsUOA
005 20211105215230.0
007 ta
008 20120911b un ||||| |||| 00| 0 ukr d
040 _aUA-OsUOA
_brus
_cUA-OsUOA
_dUA-OsUOA
041 _arus
080 _a94(47+57)
090 _a94(47+57)
_bС62
100 _aСонкин М.
245 _aКлючи от бронированных комнат
260 _aМ.
_bПолитиздат
_c1970
300 _a384 с.
650 7 _a94 Історія
_2UDC
942 _cBK
_2udc
955 _a5
999 _c372928
_d372928